Ricostruisci la Carriera del Calciatore - Diego - Statistics

Statistiche generali
  • Questo quiz è stato fatto 4 volte
  • Il punteggio medio è 3 su 10
Statistiche sulle risposte
Hint Risposta % Corretto
2009-2010 Juventus
67%
2002-2004 Santos
67%
2011-2012 Atlético Madrid
33%
2014 Atlético Madrid
33%
2014-2016 Fenerbahçe
33%
2016-2022 Flamengo
33%
2006-2009 Werder Brema
33%
2010-2011 Wolfsburg
33%
2004-2006 Porto
0%
2012-2014 Wolfsburg
0%
Nessun quiz corrispondente trovato
Distribuzione punteggi
Percentuale di utenti per punteggio
Percentile per numero di risposta
I tuoi punteggi nel tempo
Non hai fatto questo quiz